[Event "Mechanics' Irving Chernev TNM; 30/90, SD"]
[Site "San Francisco"]
[Date "2008.09.16"]
[Round "7.9"]
[White "Livschitz, Louiza"]
[Black "Chernobilskiy, Mikhail"]
[Result "1-0"]
[WhiteElo "1992"]
[BlackElo "1790"]
[PlyCount "73"]
[EventDate "2008.??.??"]

1. e4 e5 2. Nf3 Nc6 3. Bb5 a6 4. Ba4 Nf6 5. O-O Nxe4 6. d4 b5 7. Bb3 d5 8. Nxe5
Nxe5 9. dxe5 Be6 10. Be3 Bc5 11. Qd3 Bxe3 12. Qxe3 Qe7 13. Nc3 Nxc3 14. Qxc3 c5
15. a4 O-O 16. f4 g6 17. Qg3 c4 18. f5 Bxf5 19. Rxf5 cxb3 20. cxb3 Rae8 21. Rf6
Qxe5 22. Qxe5 Rxe5 23. Rxa6 bxa4 24. bxa4 Rb8 25. a5 Rxb2 26. Rb6 Ree2 27. Rxb2
Rxb2 28. a6 Rb8 29. Kf2 Kf8 30. Ke3 Ke7 31. Kd4 Kd6 32. a7 Ra8 33. Ra6+ Kd7 34.
Kxd5 f5 35. h4 Kd8 36. Ke6 Ke8 37. Rb6 1-0

[Event "Mechanics' Irving Chernev TNM; 30/90, SD"]
[Site "San Francisco"]
[Date "2008.09.16"]
[Round "7.10"]
[White "Delaney, Will"]
[Black "Afkham-Ebrahimi, Payam"]
[Result "0-1"]
[WhiteElo "1800"]
[BlackElo "1929"]
[PlyCount "63"]
[EventDate "2008.??.??"]

1. d4 f5 2. Nf3 g6 3. c4 Bg7 4. Nc3 Nf6 5. g3 d6 6. Bg2 O-O 7. O-O Qe8 8. e4
fxe4 9. Ng5 Nc6 10. d5 Ne5 11. Qb3 Nf3+ 12. Kh1 Nd4 13. Qd1 e5 14. Ngxe4 Bf5
15. Nxf6+ Rxf6 16. Ne4 Rf8 17. Be3 Qd7 18. Bxd4 exd4 19. Qd2 Rae8 20. Rae1 c5
21. Ng5 Bh6 22. f4 Bxg5 23. fxg5 Re5 24. b4 b6 25. b5 Rfe8 26. Rxe5 dxe5 27.
Qf2 Bd3 28. Bh3 Qg7 29. Rc1 e4 30. Be6+ Kh8 31. Qf6 e3 32. d6 0-1

[Event "Mechanics' Irving Chernev TNM; 30/90, SD"]
[Site "San Francisco"]
[Date "2008.09.16"]
[Round "7.11"]
[White "Manvelyan, Hovik"]
[Black "Farzaneh-Far, Ramin"]
[Result "1-0"]
[WhiteElo "1869"]
[BlackElo "1823"]
[PlyCount "97"]
[EventDate "2008.??.??"]

1. e4 c5 2. Nc3 Nc6 3. g3 g6 4. Bg2 Bg7 5. d3 d6 6. f4 e5 7. Nf3 Nge7 8. O-O
O-O 9. Be3 Nd4 10. Qd2 Bg4 11. fxe5 dxe5 12. h3 Nxf3+ 13. Bxf3 Bxh3 14. Rf2 Rc8
15. Rh2 Qd7 16. Bh6 f5 17. Bxg7 fxe4 18. Bxf8 Rxf8 19. Nxe4 Rxf3 20. Qh6 Qd4+
21. Kh1 Qxb2 22. Rg1 Bg4 23. Qg5 Rxg3 24. Rxg3 Qb1+ 25. Kg2 Qxc2+ 26. Qd2 Qxd2+
27. Nxd2 h5 28. Rxg4 hxg4 29. Kg3 Nd5 30. Ne4 b6 31. Kxg4 Kg7 32. Kf3 Nf4 33.
Rd2 a6 34. Nd6 b5 35. Ke4 Kf6 36. Ne8+ Kg5 37. Kxe5 Kg4 38. Nf6+ Kf3 39. Ne4
Ke3 40. Nxc5 Kxd2 41. Kxf4 g5+ 42. Ke4 Kc3 43. Ne6 a5 44. d4 b4 45. d5 a4 46.
Nd4 Kb2 47. d6 b3 48. Nxb3 Kxa2 49. Nc1+ 1-0

[Event "Mechanics' Irving Chernev TNM; 30/90, SD"]
[Site "San Francisco"]
[Date "2008.09.16"]
[Round "7.12"]
[White "Todortsev, Victor"]
[Black "Russell, Joe"]
[Result "1-0"]
[WhiteElo "1845"]
[BlackElo "1861"]
[PlyCount "77"]
[EventDate "2008.??.??"]

1. d4 Nf6 2. c4 g6 3. Nc3 Bg7 4. e4 d6 5. Be2 O-O 6. Be3 e5 7. d5 a5 8. Qd2 Ng4
9. Bg5 f6 10. Bh4 Na6 11. h3 Nh6 12. O-O-O Nc5 13. Kc2 Qe8 14. f3 f5 15. g4
fxe4 16. fxe4 Bd7 17. Nf3 Na4 18. Bg5 Nxc3 19. Kxc3 Nf7 20. Be3 b5 21. b3 c6
22. Rhf1 bxc4 23. Bxc4 c5 24. Ng5 Nxg5 25. Bxg5 a4 26. Rxf8+ Qxf8 27. Rf1 Qe8
28. Qf2 axb3 29. axb3 Ra7 30. Bf6 Bh6 31. g5 Bf8 32. h4 Bb5 33. Qg2 Rb7 34. Qg4
Bxc4 35. bxc4 Qa4 36. Qe6+ Rf7 37. Bxe5 Qa3+ 38. Kc2 Qa2+ 39. Kd3 1-0

[Event "Mechanics' Irving Chernev TNM; 30/90, SD"]
[Site "San Francisco"]
[Date "2008.09.16"]
[Round "7.14"]
[White "Allen, Tom"]
[Black "Sherwood, Peter"]
[Result "0-1"]
[WhiteElo "1529"]
[BlackElo "1743"]
[PlyCount "50"]
[EventDate "2008.??.??"]

1. e4 c5 2. d4 cxd4 3. c3 dxc3 4. Nxc3 a6 5. Bc4 e6 6. Nf3 b5 7. Bb3 Bb7 8. O-O
Bc5 9. Qe2 Ne7 10. Rd1 O-O 11. e5 Bxf3 12. Qxf3 Nbc6 13. Ne4 Bd4 14. Qh5 Bxe5
15. Ng5 h6 16. Nxe6 fxe6 17. Bxe6+ dxe6 18. Rxd8 Raxd8 19. Qe2 Nf5 20. Be3 Nxe3
21. Qxe3 Rf6 22. Rf1 Bd4 23. Qb3 Bb6 24. g3 Rd2 25. Kg2 Bxf2 0-1

[Event "Mechanics' Irving Chernev TNM; 30/90, SD"]
[Site "San Francisco"]
[Date "2008.09.16"]
[Round "7.15"]
[White "Chan, John"]
[Black "Macintyre, Brendan"]
[Result "0-1"]
[WhiteElo "1696"]
[BlackElo "1606"]
[PlyCount "114"]
[EventDate "2008.??.??"]

1. c4 c5 2. Nc3 b6 3. Nf3 Bb7 4. e4 Nf6 5. d3 Nc6 6. a3 g6 7. h3 d6 8. Rb1 Bg7
9. Be3 O-O 10. g4 Rc8 11. Bg2 Nd7 12. O-O Nde5 13. Nh2 Nd7 14. Qd2 Nd4 15. b3
Nf6 16. Bxd4 cxd4 17. Nb5 a6 18. Nxd4 Nxg4 19. Ndf3 Nxh2 20. Nxh2 e6 21. d4 h5
22. Rbd1 Qc7 23. Rc1 a5 24. Rfe1 Kh7 25. Qd3 Ba6 26. a4 Rfd8 27. Nf3 Qe7 28.
Qe2 Rd7 29. Qd1 Bb7 30. Rc2 Rdc7 31. Qb1 d5 32. exd5 Bxd5 33. Qd1 Qf6 34. Rd2
Bb7 35. Rd3 Qf4 36. Qe2 Qd6 37. Ng5+ Kg8 38. Bxb7 Rxb7 39. Qf3 Qe7 40. Ne4 Rd7
41. d5 exd5 42. cxd5 Rcd8 43. Kf1 Qh4 44. Qg2 Re7 45. d6 Red7 46. Rd5 Bf8 47.
Rxh5 Qf4 48. Rg5 Kg7 49. Rg4 Qf5 50. h4 Bxd6 51. h5 Bb4 52. hxg6 fxg6 53. Rb1
Rd1+ 54. Rxd1 Rxd1+ 55. Ke2 Re1+ 56. Kd3 Qd5+ 57. Kc2 Qd1+ 0-1

[Event "Mechanics' Irving Chernev TNM; 30/90, SD"]
[Site "San Francisco"]
[Date "2008.09.16"]
[Round "7.17"]
[White "Livschitz, Jennifer"]
[Black "Bertot, German"]
[Result "1-0"]
[WhiteElo "1645"]
[BlackElo "1580"]
[PlyCount "52"]
[EventDate "2008.??.??"]

1. e4 e5 2. Nf3 Nc6 3. Bb5 a6 4. Ba4 Bc5 5. c3 b5 6. Bc2 d6 7. d4 exd4 8. Nxd4
Nxd4 9. cxd4 Ba7 10. O-O Ne7 11. Nc3 O-O 12. Bg5 h6 13. Bh4 Qd7 14. Qd3 Ng6 15.
Bg3 f5 16. exf5 Qxf5 17. Qf3 Qxf3 18. gxf3 Bf5 19. Bb3+ Kh8 20. Rad1 Bh3 21.
Rfe1 Rxf3 22. Bd5 Raf8 23. Bxf3 Rxf3 24. Nd5 c6 25. Nb4 c5 26. dxc5 dxc5 {
Black lost on time.} 1-0

[Event "Mechanics' Irving Chernev TNM; 30/90, SD"]
[Site "San Francisco"]
[Date "2008.09.16"]
[Round "7.18"]
[White "Dupree, Chuck"]
[Black "Starr, Albert"]
[Result "1-0"]
[WhiteElo "1630"]
[BlackElo "1536"]
[PlyCount "75"]
[EventDate "2008.??.??"]

1. e4 e6 2. d4 c5 3. d5 exd5 4. exd5 d6 5. Bd3 Nf6 6. c4 g6 7. Qe2+ Qe7 8. Bg5
Qxe2+ 9. Nxe2 Bg7 10. Nbc3 O-O 11. Nb5 Ne8 12. O-O-O f6 13. Bf4 a6 14. Nxd6 Nd7
15. h4 Ne5 16. Nxc8 Nxd3+ 17. Rxd3 Rxc8 18. d6 Rc6 19. d7 Re6 20. d8=Q Rxe2 21.
Be3 f5 22. Rd2 Rxd2 23. Qxd2 b6 24. Bh6 Nf6 25. Bxg7 Kxg7 26. Re1 Ne4 27. Qd7+
Rf7 28. Qc6 Nxf2 29. Re3 Ng4 30. Rd3 Ne5 31. Qd6 Nxd3+ 32. Qxd3 f4 33. b3 Kh6
34. Qd8 f3 35. gxf3 Rxf3 36. Qxb6 Kh5 37. Qd8 Rh3 38. Qg5# 1-0

[Event "Mechanics' Irving Chernev TNM; 30/90, SD"]
[Site "San Francisco"]
[Date "2008.09.16"]
[Round "7.20"]
[White "Reyes, Edsel Delos"]
[Black "Oca, Homer"]
[Result "1-0"]
[WhiteElo "1360"]
[BlackElo "1616"]
[PlyCount "87"]
[EventDate "2008.??.??"]

1. e4 h6 2. d4 a6 3. Nf3 e6 4. Bd3 Ne7 5. Nc3 g6 6. Be3 Bg7 7. Qd2 d6 8. O-O-O
b5 9. h4 Nd7 10. h5 g5 11. Nh2 c5 12. dxc5 Nxc5 13. Bxc5 dxc5 14. Bxb5+ Bd7 15.
Qxd7+ Qxd7 16. Bxd7+ Kf8 17. Rd3 Bd4 18. Ne2 Be5 19. Nf3 Bg7 20. Rhd1 Rb8 21.
c3 Kg8 22. Ba4 Kh7 23. Bc2 Nc6 24. Rd6 Ne5 25. Nxe5 Bxe5 26. Rd7 Kg7 27. Bb3
Rhe8 28. Kc2 Rb6 29. Nc1 Reb8 30. Nd3 Bd6 31. e5 Bf8 32. c4 a5 33. Ba4 Kg8 34.
b3 Bg7 35. Rc7 Rd8 36. Rxc5 Rd4 37. g3 Rb8 38. Rxa5 Rbd8 39. Nb2 Rxd1 40. Nxd1
Rd4 41. c5 Bxe5 42. c6 Re4 43. Bb5 f6 44. Bd3 1-0

[Event "Mechanics' Irving Chernev TNM; 30/90, SD"]
[Site "San Francisco"]
[Date "2008.09.16"]
[Round "7.21"]
[White "Somerville, Kenneth"]
[Black "Smith, Andrew"]
[Result "0-1"]
[WhiteElo "1608"]
[BlackElo "1427"]
[PlyCount "53"]
[EventDate "2008.??.??"]

1. e4 c5 2. Nf3 d6 3. c3 Nc6 4. d4 cxd4 5. cxd4 e6 6. Nc3 g6 7. Bg5 Qa5 8. Bc4
Bg7 9. O-O Nxd4 10. Nxd4 Qxg5 11. Ndb5 Qd8 12. Nxd6+ Ke7 13. Ncb5 Be5 14. Nxc8+
Rxc8 15. Qb3 Qb6 16. Rad1 a6 17. Qa3+ Qc5 18. Na7 Rc7 19. Qd3 Nf6 20. Bb3 Qxa7
21. Kh1 Ng4 22. h3 Nxf2+ 23. Rxf2 Qxf2 24. Rf1 Qd4 25. Qxd4 Bxd4 26. Kh2 Rhc8
27. Rd1 0-1

[Event "Mechanics' Irving Chernev TNM; 30/90, SD"]
[Site "San Francisco"]
[Date "2008.09.16"]
[Round "7.25"]
[White "Capdeville, Barry"]
[Black "Mar, Henry"]
[Result "0-1"]
[WhiteElo "1241"]
[BlackElo "1500"]
[PlyCount "74"]
[EventDate "2008.??.??"]

1. e4 c5 2. Nf3 d6 3. d4 cxd4 4. Nxd4 Nf6 5. Nc3 g6 6. Bc4 a6 7. Bb3 Nc6 8. a3
Bg7 9. f3 O-O 10. Be3 Bd7 11. Qd2 Rc8 12. Ba2 Ne5 13. b3 Qc7 14. Nd5 Nxd5 15.
exd5 b5 16. O-O Qb7 17. Ne2 Qc7 18. Rac1 Bf5 19. Nd4 Bd7 20. c3 f5 21. Ne6 Bxe6
22. dxe6 Nc6 23. Qe1 Ne5 24. Bb1 Nc6 25. f4 Rf6 26. Bd4 Nxd4 27. cxd4 Qb7 28.
Rxc8+ Qxc8 29. d5 Qc5+ 30. Kh1 Qxd5 31. b4 Kh8 32. Qf2 Qb7 33. Re1 Rf8 34. Rc1
Rc8 35. Rxc8+ Qxc8 36. Kg1 Qc1+ 37. Qf1 Bd4+ 0-1

[Event "Mechanics' Irving Chernev TNM; 30/90, SD"]
[Site "San Francisco"]
[Date "2008.09.23"]
[Round "8.1"]
[White "Pearson, Michael"]
[Black "Manvelyan, Hayk"]
[Result "1/2-1/2"]
[WhiteElo "2276"]
[BlackElo "1874"]
[PlyCount "69"]
[EventDate "2008.??.??"]

1. d4 e6 2. g3 Nf6 3. Bg2 d5 4. Nf3 c5 5. c4 Nc6 6. cxd5 Nxd5 7. O-O cxd4 8.
Nxd4 Bd7 9. Bxd5 exd5 10. Nc3 Bh3 11. Re1 Bb4 12. Nxc6 bxc6 13. Qa4 Bxc3 14.
Qxc6+ Bd7 15. Qxc3 O-O 16. Be3 Be6 17. Rac1 a6 18. Bd4 f6 19. Bc5 Re8 20. Qd4
Bf7 21. Bb6 Qd6 22. f3 Rac8 23. e3 Rc6 24. Bc5 Qc7 25. b4 Qb7 26. a4 Rec8 27.
Re2 Re6 28. Rec2 Be8 29. a5 Bb5 30. Rd2 Bc6 31. Bb6 Rce8 32. Rdc2 Qd7 33. Rc3
h6 34. Kf2 Kh8 35. R1c2 1/2-1/2

[Event "Mechanics' Irving Chernev TNM; 30/90, SD"]
[Site "San Francisco"]
[Date "2008.09.23"]
[Round "8.2"]
[White "Traub, Igor"]
[Black "Shakhnazarov, Oleg"]
[Result "1-0"]
[WhiteElo "2005"]
[BlackElo "2148"]
[PlyCount "97"]
[EventDate "2008.??.??"]

1. e4 e6 2. d4 Be7 3. Nc3 d5 4. Be3 Nf6 5. f3 b6 6. Qd2 Bb7 7. e5 Nfd7 8. f4 c5
9. Nf3 Nc6 10. O-O-O Rc8 11. h4 cxd4 12. Nxd4 Nxd4 13. Bxd4 a6 14. g4 b5 15. f5
h6 16. Bd3 Qa5 17. fxe6 fxe6 18. Kb1 Bb4 19. Bg6+ Kd8 20. Rhf1 Rc7 21. Rf7 Nb6
22. Rxc7 Kxc7 23. a3 Nc4 24. Nxd5+ Bxd5 25. Qxb4 Qxb4 26. axb4 Rf8 27. b3 Nb6
28. Bc5 Rf4 29. Rd4 Rf1+ 30. Kb2 Nd7 31. Bd6+ Kb7 32. Rxd5 exd5 33. e6 Nf6 34.
g5 Ng8 35. Bf7 Kc6 36. Bc5 hxg5 37. hxg5 Rf5 38. Bxg8 Rxg5 39. Bf7 Re5 40. e7
Kd7 41. e8=Q+ Rxe8 42. Bxe8+ Kxe8 43. Kc3 Kd7 44. Be3 Ke6 45. Kd4 Kd6 46. Bf4+
Ke6 47. Be5 g5 48. Bg3 g4 49. c3 1-0

[Event "Mechanics' Irving Chernev TNM; 30/90, SD"]
[Site "San Francisco"]
[Date "2008.09.23"]
[Round "8.3"]
[White "Argishti, Dante"]
[Black "Gaffagan, Steven"]
[Result "1-0"]
[WhiteElo "1996"]
[BlackElo "2022"]
[PlyCount "93"]
[EventDate "2008.??.??"]

1. d4 Nf6 2. c4 e6 3. Nf3 Bb4+ 4. Nbd2 b6 5. a3 Bxd2+ 6. Bxd2 Bb7 7. g3 O-O 8.
Bg2 d6 9. O-O Nbd7 10. b4 Be4 11. Qb3 Rb8 12. Rad1 Qc8 13. Ng5 Bxg2 14. Kxg2 h6
15. Nh3 Qb7+ 16. f3 e5 17. e4 c5 18. dxc5 dxc5 19. b5 Rbd8 20. Bc3 Rfe8 21. Qb2
Qc7 22. Nf2 Re7 23. Rd3 Rde8 24. Nd1 Nf8 25. Ne3 Rd7 26. Rfd1 Rxd3 27. Rxd3 Ng6
28. Qd2 h5 29. h4 Kh7 30. Nd5 Nxd5 31. Rxd5 f6 32. Rd7 Qb8 33. Qd5 Rf8 34. f4
Qa8 35. f5 Nh8 36. Qd3 Nf7 37. Bd2 Rd8 38. Kf3 Rxd7 39. Qxd7 Qd8 40. Qxf7 Qd3+
41. Be3 Qf1+ 42. Bf2 Qd3+ 43. Kg2 Qxe4+ 44. Kg1 Qb1+ 45. Kg2 Qe4+ 46. Kf1 Qxc4+
47. Qxc4 1-0

[Event "Mechanics' Irving Chernev TNM; 30/90, SD"]
[Site "San Francisco"]
[Date "2008.09.23"]
[Round "8.4"]
[White "Gray, William"]
[Black "Sandberg, Evan"]
[Result "1-0"]
[WhiteElo "2043"]
[BlackElo "1954"]
[PlyCount "88"]
[EventDate "2008.??.??"]

1. e4 c5 2. Nf3 Nc6 3. Nc3 g6 4. Be2 Bg7 5. O-O d6 6. h3 e5 7. Bc4 Na5 8. d3
Nxc4 9. dxc4 a6 10. Qd3 Be6 11. Rd1 Bf8 12. b3 Qc7 13. Nd5 Bxd5 14. Qxd5 Nf6
15. Qd3 Qc6 16. Bg5 Nd7 17. Re1 h6 18. Bd2 Be7 19. a4 Nf8 20. g3 Ne6 21. c3 Bg5
22. Rad1 O-O-O 23. Nh2 Qd7 24. h4 Bxd2 25. Rxd2 h5 26. Red1 Kc7 27. Nf3 f6 28.
Qe3 Qe7 29. a5 Rhf8 30. b4 f5 31. Rd5 f4 32. Qd3 fxg3 33. fxg3 g5 34. Nxg5 Nxg5
35. hxg5 cxb4 36. cxb4 h4 37. gxh4 Rf4 38. Qh3 Qd7 39. Qxd7+ Rxd7 40. R1d2 Rxh4
41. c5 Rxe4 42. cxd6+ Kb8 43. g6 Kc8 44. Rg2 Rg7 1-0

[Event "Mechanics' Irving Chernev TNM; 30/90, SD"]
[Site "San Francisco"]
[Date "2008.09.23"]
[Round "8.5"]
[White "Goins, Demetrius"]
[Black "de Guzman, Ricardo"]
[Result "1/2-1/2"]
[WhiteElo "1996"]
[BlackElo "2438"]
[PlyCount "26"]
[EventDate "2008.??.??"]

1. d4 Nf6 2. c4 e6 3. a3 d5 4. Nc3 Be7 5. Bg5 Nbd7 6. e3 b6 7. cxd5 exd5 8. Bb5
Bb7 9. Nf3 c6 10. Bd3 Ne4 11. Bxe7 Qxe7 12. Qc2 f5 13. O-O O-O 1/2-1/2

[Event "Mechanics' Irving Chernev TNM; 30/90, SD"]
[Site "San Francisco"]
[Date "2008.09.23"]
[Round "8.6"]
[White "Thornally, Frank"]
[Black "Livschitz, Louiza"]
[Result "1-0"]
[WhiteElo "2224"]
[BlackElo "1992"]
[PlyCount "51"]
[EventDate "2008.??.??"]

1. Nf3 d5 2. c4 d4 3. g3 g6 4. d3 Bg7 5. Bg2 e5 6. O-O Ne7 7. b4 c6 8. a4 O-O
9. Nbd2 f5 10. Ba3 b6 11. b5 Bb7 12. Nb3 Nd7 13. Ng5 Rf6 14. a5 Rc8 15. axb6
axb6 16. Bxe7 Qxe7 17. Ra7 Ba8 18. c5 bxc5 19. Na5 Rff8 20. Qb3+ Kh8 21. bxc6
Qxg5 22. cxd7 Rb8 23. Qe6 Bxg2 24. Kxg2 f4 25. Nc6 Rb6 26. Ra8 1-0

[Event "Mechanics' Irving Chernev TNM; 30/90, SD"]
[Site "San Francisco"]
[Date "2008.09.23"]
[Round "8.7"]
[White "Snyder, Larry"]
[Black "Manvelyan, Hovik"]
[Result "1/2-1/2"]
[WhiteElo "2037"]
[BlackElo "1869"]
[PlyCount "74"]
[EventDate "2008.??.??"]

1. e4 e6 2. d4 d5 3. Nd2 c5 4. exd5 Qxd5 5. Ngf3 cxd4 6. Bc4 Qd6 7. O-O Nf6 8.
Nb3 Nc6 9. Nbxd4 Nxd4 10. Nxd4 a6 11. Bb3 Qc7 12. Re1 Bd6 13. Nf5 Bxh2+ 14. Kh1
O-O 15. Nxg7 Kxg7 16. Qd4 Rg8 17. Bh6+ Kxh6 18. Qxf6+ Rg6 19. Qh4+ Kg7 20. g3
Bd7 21. Qd4+ e5 22. Rxe5 Bc6+ 23. Kxh2 Rd8 24. Qc3 Bf3 25. Qxf3 Qxe5 26. Qxf7+
Kh8 27. Qf3 Qc5 28. Kg2 Rf8 29. Qe2 Qc6+ 30. f3 Qd6 31. Qf2 Rd8 32. Re1 a5 33.
a4 Qb4 34. Qe3 Qd2+ 35. Re2 Qxe3 36. Rxe3 Rd2+ 37. Kh3 b6 1/2-1/2

[Event "Mechanics' Irving Chernev TNM; 30/90, SD"]
[Site "San Francisco"]
[Date "2008.09.23"]
[Round "8.8"]
[White "Afkham-Ebrahimi, Payam"]
[Black "Grey, Peter"]
[Result "0-1"]
[WhiteElo "1929"]
[BlackElo "2000"]
[PlyCount "82"]
[EventDate "2008.??.??"]

1. d4 Nf6 2. c4 g6 3. Nc3 d5 4. Nf3 Bg7 5. cxd5 Nxd5 6. e4 Nxc3 7. bxc3 c5 8.
Bb2 O-O 9. Be2 cxd4 10. cxd4 Nc6 11. Qd2 Qb6 12. Rb1 Bg4 13. O-O Bxf3 14. gxf3
Bxd4 15. Ba1 Qd8 16. Qh6 Bxa1 17. Rxa1 Nd4 18. Bd1 e5 19. f4 exf4 20. Qxf4 Ne6
21. Qg3 Qf6 22. e5 Qf4 23. Bb3 Nd4 24. Qxf4 Ne2+ 25. Kg2 Nxf4+ 26. Kg3 Nd3 27.
f4 Rad8 28. Rad1 Kg7 29. h4 h5 30. Rf3 Nc5 31. Rc1 b6 32. Bc4 Ne4+ 33. Kg2 Nd2
34. Rf2 Rd4 35. Bb5 Ne4 36. Re2 Nc5 37. Kf3 Rfd8 38. a3 Ne6 39. Re4 Rxe4 40.
Kxe4 Rd4+ 41. Ke3 Rxf4 0-1

[Event "Mechanics' Irving Chernev TNM; 30/90, SD"]
[Site "San Francisco"]
[Date "2008.09.23"]
[Round "8.10"]
[White "Sainz, Guadalupe"]
[Black "Periwal, Prashant"]
[Result "0-1"]
[WhiteElo "1835"]
[BlackElo "1830"]
[PlyCount "74"]
[EventDate "2008.??.??"]

1. d4 d5 2. c4 e6 3. Nc3 Nf6 4. Nf3 b6 5. cxd5 Nxd5 6. e4 Nxc3 7. bxc3 Bb7 8.
Bd3 a6 9. O-O Nd7 10. Qa4 Be7 11. c4 O-O 12. Bb2 Nc5 13. dxc5 Qxd3 14. c6 b5
15. cxb5 axb5 16. Qd4 Qxd4 17. Nxd4 Ba6 18. Rfc1 Rfd8 19. f4 b4 20. Kf2 Bf6 21.
Ke3 e5 22. fxe5 Bxe5 23. h4 Rd6 24. Rc5 Re8 25. g4 h6 26. Rac1 f6 27. Ra5 Bc8
28. Ra8 Kf7 29. Ra7 Re7 30. Ba1 Bxg4 31. Nb5 Rde6 32. Bxe5 Rxe5 33. Nxc7 Rxe4+
34. Kf2 Re2+ 35. Kg1 Kg6 36. Rc4 Bh3 37. Rxb4 Rg2+ 0-1

[Event "Mechanics' Irving Chernev TNM; 30/90, SD"]
[Site "San Francisco"]
[Date "2008.09.23"]
[Round "8.12"]
[White "Smith, Andrew"]
[Black "Delaney, Will"]
[Result "1-0"]
[WhiteElo "1427"]
[BlackElo "1800"]
[PlyCount "48"]
[EventDate "2008.??.??"]

1. d4 Nf6 2. c4 d6 3. Nc3 g6 4. Bg5 Bg7 5. Nf3 O-O 6. e3 Nbd7 7. Bd3 c5 8. d5
Ng4 9. Qd2 a6 10. Be2 Nge5 11. O-O Nxf3+ 12. Bxf3 Ne5 13. Be2 Rb8 14. Rac1 Bd7
15. b3 h6 16. Bh4 b5 17. cxb5 axb5 18. f4 Ng4 19. Nxb5 Nxe3 20. Qxe3 Bxb5 21.
Qd2 Qd7 22. Bxb5 Rxb5 23. Rfe1 Re8 24. Qd3 Qa7 1-0

[Event "Mechanics' Irving Chernev TNM; 30/90, SD"]
[Site "San Francisco"]
[Date "2008.09.23"]
[Round "8.13"]
[White "Chernobilskiy, Mikhail"]
[Black "Livschitz, Jennifer"]
[Result "1-0"]
[WhiteElo "1790"]
[BlackElo "1645"]
[PlyCount "29"]
[EventDate "2008.??.??"]

1. e4 e5 2. f4 d5 3. exd5 e4 4. Nc3 Nf6 5. Bb5+ Bd7 6. Qe2 Qe7 7. Nh3 a6 8.
Bxd7+ Nbxd7 9. Ng5 b5 10. Ngxe4 b4 11. d6 Qe6 12. f5 Qe5 13. d4 Qxd4 14. Nxf6+
Kd8 15. Qe8# 1-0

[Event "Mechanics' Irving Chernev TNM; 30/90, SD"]
[Site "San Francisco"]
[Date "2008.09.23"]
[Round "8.14"]
[White "Sherwood, Peter"]
[Black "Dupree, Chuck"]
[Result "0-1"]
[WhiteElo "1743"]
[BlackElo "1630"]
[PlyCount "22"]
[EventDate "2008.??.??"]

1. e4 c5 2. Nf3 e6 3. d4 cxd4 4. Nxd4 a6 5. Bd3 Qc7 6. Nc3 Bb4 7. Bd2 Nc6 8.
Nf3 Nf6 9. O-O O-O 10. Qe2 Ng4 11. Rac1 Nd4 0-1

[Event "Mechanics' Irving Chernev TNM; 30/90, SD"]
[Site "San Francisco"]
[Date "2008.09.23"]
[Round "8.15"]
[White "Brooks, Matthew"]
[Black "Reyes, Edsel Delos"]
[Result "1/2-1/2"]
[WhiteElo "1682"]
[BlackElo "1360"]
[PlyCount "111"]
[EventDate "2008.??.??"]

1. e4 c5 2. Nf3 d6 3. d4 cxd4 4. Nxd4 Nf6 5. Nc3 a6 6. Be2 e6 7. O-O Nbd7 8.
Nf3 Nc5 9. e5 Ng8 10. exd6 Bxd6 11. Be3 Qc7 12. Qd2 Ne7 13. Rad1 Nf5 14. Bxc5
Bxc5 15. Ne4 O-O 16. Bd3 Be7 17. Ng3 Nxg3 18. fxg3 Qb6+ 19. Kh1 Qxb2 20. Ng5
Bxg5 21. Qxg5 g6 22. Qe7 f5 23. Rf4 Qg7 24. Qd6 b5 25. Re1 Qd7 26. Qb4 Bb7 27.
g4 Qc6 28. Qd2 Rad8 29. Qe2 Rfe8 30. Rf2 Bc8 31. h4 fxg4 32. Qxg4 e5 33. Qe2
Qc7 34. Ref1 Rf8 35. h5 Rxf2 36. Rxf2 g5 37. Qf1 Qg7 38. Rf6 Qe7 39. Bxh7+ Kh8
40. Rf7 Rd1 41. Qxd1 Qxf7 42. Bg6 Qd7 43. Qf3 Qe7 44. Qc6 Bb7 45. Qc3 Kg7 46.
Kh2 Qd6 47. Qg3 Qf6 48. Qg4 Qf4+ 49. Qxf4 gxf4 50. a3 a5 51. c3 Bc6 52. Kg1 b4
53. cxb4 axb4 54. axb4 Bb5 55. Kf2 Kf6 56. g3 1/2-1/2

[Event "Mechanics' Irving Chernev TNM; 30/90, SD"]
[Site "San Francisco"]
[Date "2008.09.23"]
[Round "8.16"]
[White "Russell, Joe"]
[Black "Rettenmaier, Robert"]
[Result "1-0"]
[WhiteElo "1861"]
[BlackElo "1057"]
[PlyCount "63"]
[EventDate "2008.??.??"]

1. d4 d5 2. Nf3 Nc6 3. Bf4 Bg4 4. e3 e6 5. c4 Nf6 6. a3 Nh5 7. Bg3 Nxg3 8. hxg3
e5 9. dxe5 dxc4 10. Qa4 Qd7 11. Nc3 Bxf3 12. gxf3 Nxe5 13. Qxd7+ Nxd7 14. Bxc4
a6 15. O-O-O Ne5 16. Be2 g6 17. f4 Nc6 18. Bc4 Bg7 19. Ne4 Na5 20. Ba2 O-O 21.
Rd7 Rac8 22. Ng5 c5 23. Bd5 h6 24. Nxf7 Rxf7 25. Bxf7+ Kf8 26. Bxg6 Rc6 27.
Rf7+ Kg8 28. f5 Rd6 29. Rc7 Rb6 30. Rd1 Bxb2+ 31. Kc2 Bf6 32. Rc8+ 1-0

[Event "Mechanics' Irving Chernev TNM; 30/90, SD"]
[Site "San Francisco"]
[Date "2008.09.23"]
[Round "8.17"]
[White "Allen, Tom"]
[Black "Standen, Julian"]
[Result "0-1"]
[WhiteElo "1529"]
[BlackElo "1644"]
[PlyCount "96"]
[EventDate "2008.??.??"]

1. e4 c6 2. d4 d5 3. f3 e6 4. Nc3 b6 5. Be3 Ba6 6. Bxa6 Nxa6 7. Nge2 Bb4 8. O-O
Ne7 9. a3 Bxc3 10. Nxc3 O-O 11. Qe2 Qc8 12. Bg5 Re8 13. Bxe7 Rxe7 14. exd5 cxd5
15. Rad1 Nc7 16. Qe3 Qd7 17. Qd3 Ne8 18. Rfe1 Nd6 19. b3 Rc8 20. Rd2 Qc6 21.
Nd1 Nb5 22. a4 Nc3 23. Nxc3 Qxc3 24. Qe2 Rec7 25. Rc1 Qb2 26. Qd1 Qxb3 27. cxb3
Rxc1 28. Qxc1 Rxc1+ 29. Kf2 f6 30. Rd3 Rc2+ 31. Kg3 Kf7 32. h4 Ke7 33. f4 Kd6
34. Kf3 h5 35. g4 hxg4+ 36. Kxg4 e5 37. fxe5+ fxe5 38. dxe5+ Kxe5 39. Re3+ Kd4
40. Re7 Kc3 41. Rxa7 d4 42. Kf3 d3 43. Ke3 d2 44. Rc7+ Kxb3 45. Rd7 Kxa4 46.
Rxd2 Rxd2 47. Kxd2 g6 48. Kc2 Kb4 0-1

[Event "Mechanics' Irving Chernev TNM; 30/90, SD"]
[Site "San Francisco"]
[Date "2008.09.23"]
[Round "8.18"]
[White "Starr, Albert"]
[Black "Litowsky, Daniel"]
[Result "1-0"]
[WhiteElo "1536"]
[BlackElo "1719"]
[PlyCount "72"]
[EventDate "2008.??.??"]

1. b4 d5 2. e3 Nf6 3. Bb2 Bf5 4. Nf3 h6 5. Be2 Nbd7 6. O-O e6 7. b5 Bd6 8. d3
O-O 9. Nbd2 e5 10. c4 Re8 11. a4 c6 12. a5 Nc5 13. Nb3 Qc7 14. g3 Rad8 15. Nxc5
Bxc5 16. d4 dxc4 17. Bxc4 Bg4 18. Be2 Bh3 19. Re1 Bb4 20. Nd2 exd4 21. Bxd4 Nd5
22. a6 c5 23. Rc1 bxa6 24. bxa6 Qa5 25. Ra1 Qc7 26. Bb2 Nc3 27. Qc2 Nxe2+ 28.
Rxe2 Qc6 29. e4 Bxd2 30. Rxd2 Rxd2 31. Qxd2 Qxe4 32. f4 Qf3 33. Qf2 Qd3 34.
Qxc5 Re2 35. Qd4 Rg2+ 36. Kh1 Qf5 1-0

[Event "Mechanics' Irving Chernev TNM; 30/90, SD"]
[Site "San Francisco"]
[Date "2008.09.23"]
[Round "8.19"]
[White "Morgan, Jerry"]
[Black "Chan, John"]
[Result "0-1"]
[WhiteElo "1425"]
[BlackElo "1696"]
[PlyCount "117"]
[EventDate "2008.??.??"]

1. f4 d5 2. Nf3 Nf6 3. d3 Bf5 4. e3 h6 5. Be2 e6 6. Nbd2 Nc6 7. Nb3 Bh7 8. O-O
Be7 9. Bd2 a6 10. Qe1 Bd6 11. Nh4 Qe7 12. Na5 Nd8 13. Kh1 b6 14. Nb3 Nb7 15.
Nd4 Qd7 16. Ndf3 O-O-O 17. Ne5 Bxe5 18. fxe5 Ne8 19. Bb4 g5 20. Nf3 Kb8 21. Nd2
c5 22. Ba3 Bg6 23. c4 Qc7 24. d4 cxd4 25. exd4 dxc4 26. Nxc4 Rxd4 27. Rc1 Qd8
28. Qb4 Ka7 29. Qe7 Qxe7 30. Bxe7 Nc7 31. Rfd1 Rxd1+ 32. Rxd1 Nd5 33. Bd6 Rc8
34. Kg1 h5 35. Kf2 g4 36. Ne3 Nf4 37. Bf1 a5 38. Kg3 Nd5 39. Nc4 h4+ 40. Kxg4
Rxc4+ 41. Bxc4 Ne3+ 42. Kxh4 Nxd1 43. Kg5 Ne3 44. b3 Nxg2 45. h4 Ne3 46. h5 Bh7
47. Kf6 Bg8 48. Kg7 Nd8 49. Kxg8 Nf5 50. Bd3 Nh6+ 51. Kg7 Ng4 52. Be7 Nc6 53.
Kxf7 Ncxe5+ 54. Kxe6 Nxd3 55. Kf5 Nh6+ 56. Kg6 Ng4 57. a3 Kb7 58. Kg5 Ngf2 59.
Bd6 {W time expired} 0-1